[Event "Regionalliga SO 1314"]
[Site "Bayern"]
[Date "2014.01.19"]
[Round "5.3"]
[White "Schmaus, Horst"]
[Black "Schlichtmann, Robin"]
[Result "0-1"]
[WhiteElo "2036"]
[BlackElo "2122"]
[PlyCount "94"]
[EventDate "2013.10.13"]
[EventType "team-tourn"]
[EventRounds "9"]
[EventCountry "GER"]
[SourceTitle "EXT 2015"]
[Source "ChessBase"]
[SourceDate "2014.11.20"]
[SourceVersion "1"]
[SourceVersionDate "2014.11.20"]
[SourceQuality "1"]
[WhiteTeam "Landshut"]
[BlackTeam "Bruckmuehl"]
[WhiteTeamCountry "GER"]
[BlackTeamCountry "GER"]

1. e4 e6 2. d4 d5 3. e5 c5 4. c3 Nc6 5. Nf3 Bd7 6. Be2 Nge7 7. Na3 cxd4 8. cxd4 Nf5 9. Nc2 Qb6 10. 0-0 Na5 11. g4 Ne7 12. Ne3 Bb5 13. Bxb5+ Qxb5 14. Ng5 h6 15. Nh3 Nac6 16. Nf4 Qb6 17. Nc2 g6 18. Kg2 h5 19. h3 Bh6 20. Qd3 Nb4 21. Nxb4 Qxb4 22. b3 Nc6 23. Rd1 hxg4 24. hxg4 Nxe5 25. dxe5 Bxf4 26. a3 Rh2+ 27. Kg1 Qb6 28. Be3 Bxe3 29. Kxh2 Bf4+ 30. Kg2 Bxe5 31. Ra2 Kd7 32. Qf3 f5 33. Re2 Bd6 34. Qh3 Re8 35. Qh7+ Re7 36. Qxg6 fxg4 37. Qxg4 Qxb3 38. Rde1 Qc4 39. Qg6 Qf4 40. Rh1 Bxa3 41. Rb1 Bb4 42. Kf1 a5 43. Qg8 Qh6 44. Qg2 Rg7 45. Qf3 Qh2 46. Reb2 Rg1+ 47. Ke2 Qe5+ 0-1

[Event "Regionalliga SO 1213"]
[Site "Bayern"]
[Date "2013.03.17"]
[Round "8.5"]
[White "Schmaus, Horst"]
[Black "Thome, Volker"]
[Result "1-0"]
[WhiteElo "2030"]
[BlackElo "1924"]
[PlyCount "47"]
[EventDate "2012.10.14"]
[EventType "team-tourn"]
[EventRounds "9"]
[EventCountry "GER"]
[SourceTitle "EXT 2015"]
[Source "ChessBase"]
[SourceDate "2014.11.20"]
[SourceVersion "1"]
[SourceVersionDate "2014.11.20"]
[SourceQuality "1"]
[WhiteTeam "Landshut"]
[BlackTeam "Tegernsee"]
[WhiteTeamCountry "GER"]
[BlackTeamCountry "GER"]

1. e4 e6 2. d4 d5 3. e5 c5 4. c3 Nc6 5. Nf3 Qb6 6. a3 c4 7. Nbd2 Na5 8. b4 cxb3 9. Bb2 Bd7 10. c4 dxc4 11. Nxc4 Nxc4 12. Bxc4 Ne7 13. 0-0 Bc6 14. Bxb3 Nd5 15. Rb1 Be7 16. Nd2 Nf4 17. Nc4 Qd8 18. Ne3 0-0 19. Qg4 g5 20. d5 h5 21. Qd1 exd5 22. Nf5 Qd7 23. Bc2 Bc5 24. Nh6+ 1-0

[Event "Regionalliga SO 1213"]
[Site "Bayern"]
[Date "2012.11.11"]
[Round "2.6"]
[White "Schmaus, Horst"]
[Black "Guenes, Erdogan"]
[Result "0-1"]
[WhiteElo "2030"]
[BlackElo "1994"]
[PlyCount "166"]
[EventDate "2012.10.14"]
[EventType "team-tourn"]
[EventRounds "9"]
[EventCountry "GER"]
[SourceTitle "EXT 2015"]
[Source "ChessBase"]
[SourceDate "2014.11.20"]
[SourceVersion "1"]
[SourceVersionDate "2014.11.20"]
[SourceQuality "1"]
[WhiteTeam "Landshut"]
[BlackTeam "Waldkraiburg"]
[WhiteTeamCountry "GER"]
[BlackTeamCountry "GER"]

1. e4 c5 2. Nf3 d6 3. d4 cxd4 4. Nxd4 Nf6 5. Nc3 g6 6. Be3 Bg7 7. f3 Nc6 8. Qd2 0-0 9. Bc4 Bd7 10. h4 h5 11. 0-0-0 Rc8 12. Bb3 Ne5 13. Rhe1 a6 14. Kb1 b5 15. Bg5 b4 16. Nd5 a5 17. Nxf6+ exf6 18. Bh6 a4 19. Bd5 Qb6 20. Bxg7 Kxg7 21. f4 Ng4 22. Nf3 Rc3 23. Qd4 Rc5 24. e5 dxe5 25. fxe5 Bf5 26. exf6+ Nxf6 27. Be4 Bxe4 28. Rxe4 Rd5 29. Qxd5 Nxd5 30. Rxd5 Rd8 31. Rxd8 Qxd8 32. Kc1 Qd5 33. Rxb4 Qxa2 34. Kd2 a3 35. bxa3 Qxa3 36. Rb3 Qd6+ 37. Ke2 Qa6+ 38. Ke1 Qc4 39. Rd3 Qxc2 40. Rd2 Qe4+ 41. Kf2 f6 42. Rd7+ Kh6 43. Rd6 Qc2+ 44. Rd2 Qc5+ 45. Kg3 g5 46. hxg5+ fxg5 47. Re2 h4+ 48. Kh2 Qd6+ 49. Kg1 Qg3 50. Nd4 Qd3 51. Re6+ Kh5 52. Nf3 g4 53. Re5+ Kh6 54. Re6+ Kh7 55. Nxh4 Qd4+ 56. Kh1 Qd1+ 57. Kh2 g3+ 58. Kxg3 Qb3+ 59. Nf3 Kg7 60. Re4 Qb8+ 61. Kf2 Kf6 62. g4 Qb1 63. Ke3 Qc1+ 64. Ke2 Qc2+ 65. Ke3 Qc1+ 66. Ke2 Qb2+ 67. Ke3 Qb6+ 68. Kf4 Qc7+ 69. Ke3 Qc5+ 70. Kf4 Qc1+ 71. Kg3 Qa3 72. Rf4+ Kg6 73. g5 Qe3 74. Rf6+ Kg7 75. Kg4 Qe4+ 76. Rf4 Qe6+ 77. Rf5 Kg6 78. Nh4+ Kg7 79. Nf3 Qe2 80. Kf4 Qc4+ 81. Kg3 Qe4 82. Rf4 Qb1 83. Kg4 Qd1 0-1

[Event "Landesliga Sued 1112"]
[Site "Bayern"]
[Date "2011.12.11"]
[Round "4.5"]
[White "Schmaus, Horst"]
[Black "Baeuml, Ulrich"]
[Result "1/2-1/2"]
[WhiteElo "1994"]
[BlackElo "2023"]
[PlyCount "76"]
[EventDate "2011.10.02"]
[EventType "team-tourn"]
[EventRounds "9"]
[EventCountry "GER"]
[SourceTitle "EXT 2013"]
[Source "ChessBase"]
[SourceDate "2012.11.22"]
[SourceVersion "1"]
[SourceVersionDate "2012.11.22"]
[SourceQuality "1"]
[WhiteTeam "Landshut"]
[BlackTeam "Dillingen"]
[WhiteTeamCountry "GER"]
[BlackTeamCountry "GER"]

1. e4 c5 2. Nf3 e6 3. d4 cxd4 4. Nxd4 a6 5. Bd3 Qc7 6. 0-0 Nf6 7. Nc3 Be7 8. Kh1 b5 9. a3 Bb7 10. f4 d6 11. Qe1 Nbd7 12. Bd2 h5 13. a4 b4 14. Na2 a5 15. c3 b3 16. Nc1 h4 17. h3 Nh5 18. Nce2 Nc5 19. Bb5+ Kf8 20. e5 Ne4 21. Kg1 dxe5 22. fxe5 Qxe5 23. Bf4 Nxf4 24. Nxf4 Kg8 25. Bc4 Bc5 26. Rd1 Rd8 27. Bxb3 Bxd4+ 28. cxd4 Rxd4 29. Nxe6 Rxd1 30. Qxd1 fxe6 31. Qd8+ Kh7 32. Qxh4+ Kg8 33. Qd8+ Kh7 34. Qh4+ Kg6 35. Qxh8 Qd4+ 36. Kh2 Qd6+ 37. Kg1 Qb6+ 38. Kh2 Qd6+ 1/2-1/2

[Event "Regionalliga SO 1011"]
[Site "Bayern"]
[Date "2011.04.10"]
[Round "9.6"]
[White "Schmaus, Horst"]
[Black "Homann, Christian"]
[Result "1/2-1/2"]
[WhiteElo "1990"]
[BlackElo "1770"]
[PlyCount "71"]
[EventDate "2010.10.10"]
[EventType "team-tourn"]
[EventRounds "9"]
[EventCountry "GER"]
[SourceTitle "EXT 2012"]
[Source "ChessBase"]
[SourceDate "2011.11.24"]
[SourceVersion "1"]
[SourceVersionDate "2011.11.24"]
[SourceQuality "1"]
[WhiteTeam "Landshut"]
[BlackTeam "Pang/Rosenheim II"]
[WhiteTeamCountry "GER"]
[BlackTeamCountry "GER"]

1. e4 e6 2. d4 d5 3. e5 c5 4. c3 Nc6 5. Nf3 Qc7 6. a3 Nge7 7. Bd3 Nf5 8. Bxf5 exf5 9. dxc5 Be6 10. b4 Nxe5 11. Nd4 b6 12. cxb6 Qxb6 13. 0-0 Bd6 14. Qe2 0-0 15. Be3 Qd8 16. Nxe6 fxe6 17. Bd4 Qc7 18. Re1 Nf7 19. Qxe6 Bxh2+ 20. Kh1 Qd6 21. Nd2 Qxe6 22. Rxe6 Bf4 23. Nf3 a5 24. b5 a4 25. g3 Bd6 26. b6 Rab8 27. Nh4 g6 28. Nxg6 hxg6 29. Rxg6+ Kh7 30. Rg7+ Kh6 31. Kg2 Be5 32. Rxf7 Rxf7 33. Bxe5 Rxb6 34. Rh1+ Kg6 35. Rd1 Rb5 36. Kf3 1/2-1/2

[Event "Regionalliga SO 1011"]
[Site "Bayern"]
[Date "2010.10.10"]
[Round "1.6"]
[White "Guenes, Erdogan"]
[Black "Schmaus, Horst"]
[Result "1-0"]
[WhiteElo "1946"]
[BlackElo "1990"]
[PlyCount "99"]
[EventDate "2010.10.10"]
[EventType "team-tourn"]
[EventRounds "9"]
[EventCountry "GER"]
[SourceTitle "EXT 2012"]
[Source "ChessBase"]
[SourceDate "2011.11.24"]
[SourceVersion "1"]
[SourceVersionDate "2011.11.24"]
[SourceQuality "1"]
[WhiteTeam "Waldkraiburg"]
[BlackTeam "Landshut"]
[WhiteTeamCountry "GER"]
[BlackTeamCountry "GER"]

1. e4 c5 2. c4 d6 3. Nc3 Nf6 4. h3 e6 5. g4 Nc6 6. Bg2 Be7 7. Nge2 a6 8. 0-0 0-0 9. f4 Rb8 10. a4 Qc7 11. d3 Nd7 12. g5 Rd8 13. Be3 Nb4 14. Ng3 Bf8 15. h4 b6 16. h5 Be7 17. Kh2 Bb7 18. Bg1 Nf8 19. Qd2 d5 20. cxd5 exd5 21. e5 Bc8 22. Rae1 Ne6 23. Nf5 Bf8 24. Nh4 Be7 25. Nf3 Nf8 26. Bh3 Bxh3 27. Kxh3 Qd7+ 28. Kg3 Qf5 29. Rd1 c4 30. d4 Qc2 31. Qxc2 Nxc2 32. f5 Rd7 33. Bf2 Nb4 34. f6 Bd8 35. Nh4 Nd3 36. Rd2 Ne6 37. Be3 b5 38. axb5 axb5 39. Nf5 b4 40. Ne2 Ra7 41. b3 Ra3 42. bxc4 dxc4 43. d5 Nec5 44. Bxc5 Nxc5+ 45. Kf4 Nd3+ 46. Ke4 Nc5+ 47. Kf4 Nd3+ 48. Rxd3 Rxd3 49. Ned4 b3 50. Nc6 1-0

[Event "Regionalliga SO 0910"]
[Site "Bayern"]
[Date "2010.01.24"]
[Round "5.3"]
[White "Niedermeier, Thomas"]
[Black "Schmaus, Horst"]
[Result "1-0"]
[WhiteElo "2082"]
[BlackElo "1990"]
[PlyCount "53"]
[EventDate "2009.10.18"]
[EventType "team-tourn"]
[EventRounds "9"]
[EventCountry "GER"]
[SourceTitle "EXT 2011"]
[Source "ChessBase"]
[SourceDate "2010.11.26"]
[SourceVersion "1"]
[SourceVersionDate "2010.11.26"]
[SourceQuality "1"]
[WhiteTeam "Ilmmuenster"]
[BlackTeam "Landshut"]
[WhiteTeamCountry "GER"]
[BlackTeamCountry "GER"]

1. d4 Nf6 2. c4 g6 3. Nc3 Bg7 4. e4 d6 5. f3 0-0 6. Be3 e5 7. Nge2 c6 8. Qd2 Nbd7 9. g4 exd4 10. Nxd4 Ne5 11. Be2 a6 12. h4 Qc7 13. h5 b5 14. cxb5 axb5 15. Bh6 b4 16. Bxg7 Kxg7 17. Qf4 Qe7 18. Nd1 d5 19. Ne3 c5 20. hxg6 fxg6 21. Qh6+ Kg8 22. g5 Nh5 23. Nxd5 Qd8 24. Rxh5 gxh5 25. Ne6 Bxe6 26. Qxe6+ Nf7 27. Ne7+ 1-0

[Event "Regionalliga SO 0910"]
[Site "Bayern"]
[Date "2009.10.18"]
[Round "1.4"]
[White "Schmaus, Horst"]
[Black "Bauer, Robert"]
[Result "1/2-1/2"]
[WhiteElo "1990"]
[BlackElo "2103"]
[PlyCount "50"]
[EventDate "2009.10.18"]
[EventType "team-tourn"]
[EventRounds "9"]
[EventCountry "GER"]
[SourceTitle "EXT 2011"]
[Source "ChessBase"]
[SourceDate "2010.11.26"]
[SourceVersion "1"]
[SourceVersionDate "2010.11.26"]
[SourceQuality "1"]
[WhiteTeam "Landshut"]
[BlackTeam "Freising"]
[WhiteTeamCountry "GER"]
[BlackTeamCountry "GER"]

1. e4 c6 2. d4 d5 3. exd5 cxd5 4. c4 Nf6 5. Nc3 Nc6 6. Bg5 e6 7. Nf3 Be7 8. Bd3 0-0 9. a3 dxc4 10. Bxc4 Nd5 11. Bxe7 Ncxe7 12. 0-0 b6 13. Rc1 Bb7 14. Qd2 Rc8 15. Nxd5 Bxd5 16. Bxd5 Qxd5 17. Qb4 Rxc1 18. Rxc1 Rc8 19. Rxc8+ Nxc8 20. h3 f6 21. Qa4 b5 22. Qc2 Qd7 23. Qc5 Nb6 24. b3 Nd5 25. g3 h6 1/2-1/2

[Event "Regionalliga SO 0809"]
[Site "Bayern"]
[Date "2008.11.30"]
[Round "3.3"]
[White "Bauer, Robert"]
[Black "Schmaus, Horst"]
[Result "0-1"]
[WhiteElo "2060"]
[BlackElo "2033"]
[PlyCount "80"]
[EventDate "2008.10.05"]
[EventType "team-tourn"]
[EventRounds "9"]
[EventCountry "GER"]
[SourceTitle "EXT 2020"]
[Source "ChessBase"]
[SourceDate "2019.10.17"]
[SourceVersion "1"]
[SourceVersionDate "2019.10.17"]
[SourceQuality "1"]
[WhiteTeam "Freising"]
[BlackTeam "Landshut"]
[WhiteTeamCountry "GER"]
[BlackTeamCountry "GER"]

1. e4 c5 2. Nf3 e6 3. d4 cxd4 4. Nxd4 Nf6 5. Nc3 d6 6. g4 e5 7. Nf5 h5 8. g5 Nxe4 9. Nxg7+ Bxg7 10. Nxe4 d5 11. Nf6+ Bxf6 12. gxf6 Be6 13. Bg5 Qb6 14. b3 Nc6 15. Be2 0-0-0 16. Qd2 Rd7 17. 0-0-0 Qxf2 18. Rdf1 Qd4 19. c3 Qxd2+ 20. Bxd2 d4 21. Rhg1 e4 22. cxd4 Nxd4 23. Bd1 Bg4 24. Bxg4 hxg4 25. Rxg4 Rxh2 26. Rxe4 Ne2+ 27. Kc2 Rxd2+ 28. Kxd2 Ng3+ 29. Kd3 Nxf1 30. Re8+ Kc7 31. Re7+ Kc6 32. Rxf7 Rxa2 33. Rf8 Rf2 34. f7 Kb6 35. Kd4 a5 36. Ke5 Nd2 37. Rd8 Rxf7 38. Rxd2 Rf3 39. Rd6+ Kb5 40. Rd5+ Kb4 0-1

[Event "Regionalliga SO 0809"]
[Site "Bayern"]
[Date "2008.10.26"]
[Round "2.3"]
[White "Schmaus, Horst"]
[Black "Jergler, Karl Heinz"]
[Result "1/2-1/2"]
[WhiteElo "2033"]
[BlackElo "2116"]
[PlyCount "52"]
[EventDate "2008.10.05"]
[EventType "team-tourn"]
[EventRounds "9"]
[EventCountry "GER"]
[SourceTitle "EXT 2020"]
[Source "ChessBase"]
[SourceDate "2019.10.17"]
[SourceVersion "1"]
[SourceVersionDate "2019.10.17"]
[SourceQuality "1"]
[WhiteTeam "Landshut"]
[BlackTeam "Waldkraiburg"]
[WhiteTeamCountry "GER"]
[BlackTeamCountry "GER"]

1. e4 c5 2. Nf3 Nc6 3. Nc3 g6 4. d4 cxd4 5. Nxd4 Bg7 6. Be3 Nf6 7. Bc4 Qa5 8. 0-0 0-0 9. Nb3 Qc7 10. f4 d6 11. Be2 b6 12. g4 Bb7 13. g5 Nd7 14. Nd5 Qd8 15. Rb1 Nc5 16. Bf3 e6 17. Nc3 Qe7 18. Qd2 f5 19. exf5 Rxf5 20. Rbe1 Nxb3 21. axb3 Rf7 22. Nb5 Rd8 23. Nd4 Nxd4 24. Bxd4 Bxd4+ 25. Qxd4 Bxf3 26. Rxf3 Rdf8 1/2-1/2

[Event "Niederbayernliga 0708"]
[Site "Germany"]
[Date "2007.03.09"]
[Round "7.2"]
[White "Schmaus, Horst"]
[Black "Maierhofer, Johann"]
[Result "1-0"]
[WhiteElo "2026"]
[BlackElo "2043"]
[PlyCount "95"]
[EventDate "2007.10.21"]
[EventType "team"]
[EventRounds "9"]
[EventCountry "GER"]
[SourceTitle "EXT 2009"]
[Source "ChessBase"]
[SourceDate "2008.11.26"]
[SourceVersion "1"]
[SourceVersionDate "2008.11.26"]
[SourceQuality "1"]
[WhiteTeam "Landshut"]
[BlackTeam "Simbach"]
[WhiteTeamCountry "GER"]
[BlackTeamCountry "GER"]

1. e4 e6 2. d4 d5 3. e5 c5 4. c3 Qb6 5. Nf3 Bd7 6. Be2 Bb5 7. 0-0 Bxe2 8. Qxe2 Qa6 9. Qd1 Nd7 10. dxc5 Nxc5 11. b4 Nd7 12. Be3 Ne7 13. a4 Nf5 14. Bf4 Qc4 15. Qd2 Rc8 16. Rc1 Qc7 17. Na3 Nb6 18. Nd4 g6 19. Ndb5 Qb8 20. a5 Nc4 21. Nxc4 Rxc4 22. Rc2 Bg7 23. Na3 Rxf4 24. Qxf4 Bxe5 25. Qg4 Bxh2+ 26. Kh1 h5 27. Qe2 h4 28. Nb5 h3 29. g4 Nh4 30. c4 a6 31. Nc3 d4 32. Ne4 Be5 33. Ra3 Ng2 34. Nc5 Rh4 35. Nd3 Bf6 36. b5 Qd6 37. c5 Qd5 38. Nb4 Qg5 39. bxa6 bxa6 40. c6 Be5 41. c7 Bxc7 42. Rxc7 Qf4 43. Nd5 Qd6 44. Nf6+ Kf8 45. Rc8+ Ke7 46. g5 Qxa3 47. Qe5 Qc1+ 48. Rxc1 1-0

[Event "Regionalliga SO 0607"]
[Site "Bayern"]
[Date "2006.10.29"]
[Round "2.1"]
[White "Pezerovic, Edin"]
[Black "Schmaus, Horst"]
[Result "1-0"]
[WhiteElo "2383"]
[BlackElo "2034"]
[PlyCount "87"]
[EventDate "2006.10.15"]
[EventType "team-tourn"]
[EventRounds "9"]
[EventCountry "GER"]
[SourceTitle "EXT 2008"]
[Source "ChessBase"]
[SourceDate "2007.11.25"]
[SourceVersion "1"]
[SourceVersionDate "2007.11.25"]
[SourceQuality "1"]
[WhiteTeam "Tegernsee II"]
[BlackTeam "Landshut"]
[WhiteTeamCountry "GER"]
[BlackTeamCountry "GER"]

1. Nf3 Nf6 2. d4 g6 3. c4 Bg7 4. Nc3 0-0 5. g3 d6 6. Bg2 Nbd7 7. 0-0 e5 8. e4 c6 9. b3 exd4 10. Nxd4 Nc5 11. Bb2 Re8 12. Re1 a5 13. Qd2 a4 14. Ba3 Qb6 15. b4 Ne6 16. Nxe6 Bxe6 17. c5 dxc5 18. bxc5 Qa5 19. Rec1 Ng4 20. Rab1 Rad8 21. Qe1 Bd4 22. Bb4 Qa7 23. Rb2 Ne5 24. Rd2 Bc4 25. Rcd1 Bd3 26. Ne2 Bxc5 27. Bxc5 Qxc5 28. Nf4 Qa3 29. Nxd3 Rxd3 30. Rxd3 Nxd3 31. Qe3 Rd8 32. Bf1 Qxa2 33. Rxd3 Rxd3 34. Qxd3 b5 35. e5 a3 36. Qd8+ Kg7 37. Qf6+ Kg8 38. Qd8+ Kg7 39. Qf6+ Kg8 40. Qxc6 Qb2 41. e6 fxe6 42. Bh3 a2 43. Bxe6+ Kg7 44. Qc7+ 1-0

[Event "Bayern-ch 77th"]
[Site "Bad Woerishofen"]
[Date "2006.09.02"]
[Round "9"]
[White "Schmaus, Horst"]
[Black "Erlbeck, Peter"]
[Result "0-1"]
[WhiteElo "2034"]
[BlackElo "2069"]
[PlyCount "46"]
[EventDate "2006.08.26"]
[EventType "swiss"]
[EventRounds "9"]
[EventCountry "GER"]
[SourceTitle "EXT 2007"]
[Source "ChessBase"]
[SourceDate "2006.11.23"]
[SourceVersion "1"]
[SourceVersionDate "2006.11.23"]
[SourceQuality "1"]

1. e4 c5 2. Nf3 Nc6 3. Nc3 e6 4. d4 cxd4 5. Nxd4 Nf6 6. Be2 Bb4 7. 0-0 Bxc3 8. bxc3 Nxe4 9. Bd3 Nf6 10. Nb5 a6 11. Nd6+ Kf8 12. a4 Qc7 13. Ba3 Kg8 14. Re1 h5 15. h3 b6 16. Qf3 Bb7 17. Qf4 Nd8 18. Re3 Nd5 19. Qg5 Nxe3 20. Qe7 Nf5 21. Nxf5 exf5 22. c4 Qc6 23. f3 Qf6 0-1